[Event "16. Open de Figueres Miquel Mas 2015"]
[Site "Figueres ESP"]
[Date "2015.08.13"]
[Round "3.5"]
[White "Serra Pages, Jordi"]
[Black "Stella, Andrea"]
[Result "1/2-1/2"]
[WhiteElo "2235"]
[BlackElo "2423"]
[PlyCount "115"]
[EventDate "2015.08.11"]
[EventType "swiss"]
[EventRounds "9"]
[EventCountry "ESP"]
[Source "lmi"]
[SourceDate "2015.08.11"]

1. d4 Nf6 2. c4 e6 3. Nf3 d5 4. Nc3 dxc4 5. e3 c5 6. Bxc4 a6 7. O-O b5 8. Be2
Bb7 9. dxc5 Bxc5 10. Qxd8+ Kxd8 11. Ne5 Ke7 12. Nd3 Bd6 13. b4 Nbd7 14. a4 Nd5
15. Bb2 Nxc3 16. Bxc3 Rhc8 17. Rfc1 bxa4 18. Bf3 Bxf3 19. gxf3 Rc7 20. Rxa4
Rac8 21. Bd2 Rxc1+ 22. Nxc1 Ne5 23. Kg2 Rc2 24. Ra2 Rxa2 25. Nxa2 Nc4 26. Bc3
g6 27. f4 Kd7 28. Kf3 f5 29. Ke2 Kc6 30. Kd3 Kb5 31. Be1 Nb6 32. Nc3+ Kc6 33.
Ne2 e5 34. fxe5 Bxe5 35. f4 Bf6 36. e4 fxe4+ 37. Kxe4 Kb5 38. f5 gxf5+ 39. Kxf5
Bg7 40. Ke6 Kc4 41. Kd6 Nd5 42. Kc6 Bf8 43. Kb7 Bxb4 44. Bxb4 Nxb4 45. Kb6 Kd3
46. Ng3 Ke3 47. Ka5 Nd5 48. Kxa6 Kf3 49. Kb5 Kg2 50. Nh5 Kxh2 51. Kc5 Ne3 52.
Nf6 h6 53. Kd4 Nc2+ 54. Kc3 Ne3 55. Kd3 Nf5 56. Ng4+ Kg3 57. Nxh6 Nxh6 58. Ke4
1/2-1/2

[Event "16. Open de Figueres Miquel Mas 2015"]
[Site "Figueres ESP"]
[Date "2015.08.13"]
[Round "3.6"]
[White "Bachmann, Axel"]
[Black "Parals Marce, Luis"]
[Result "1-0"]
[WhiteElo "2623"]
[BlackElo "2093"]
[PlyCount "53"]
[EventDate "2015.08.11"]
[EventType "swiss"]
[EventRounds "9"]
[EventCountry "ESP"]
[Source "lmi"]
[SourceDate "2015.08.11"]

1. g3 d5 2. Nf3 Nf6 3. Bg2 g6 4. c4 c6 5. O-O Bg7 6. d4 O-O 7. b3 Bg4 8. Bb2
Qc8 9. Re1 Bh3 10. Bh1 Ne4 11. Nbd2 Nxd2 12. Qxd2 Bf5 13. Rac1 dxc4 14. e4 c3
15. Bxc3 Bh3 16. d5 Qd8 17. Bxg7 Kxg7 18. Qb4 Bc8 19. Nd4 e5 20. dxe6 fxe6 21.
e5 a5 22. Qd2 Na6 23. Rcd1 Qb6 24. Re4 Bd7 25. Rh4 Rf7 26. Be4 h5 27. Qg5 1-0

[Event "16. Open de Figueres Miquel Mas 2015"]
[Site "Figueres ESP"]
[Date "2015.08.13"]
[Round "3.7"]
[White "Campos Moreno, Javier B"]
[Black "Huguet, Sergio"]
[Result "1-0"]
[WhiteElo "2422"]
[BlackElo "2091"]
[PlyCount "67"]
[EventDate "2015.08.11"]
[EventType "swiss"]
[EventRounds "9"]
[EventCountry "ESP"]
[Source "lmi"]
[SourceDate "2015.08.11"]

1. d4 Nf6 2. c4 c5 3. d5 b5 4. Qc2 bxc4 5. e4 d6 6. Bxc4 g6 7. Nf3 Bg7 8. O-O
O-O 9. Nc3 Ba6 10. Nb5 Bb7 11. Re1 Nbd7 12. h3 Ne8 13. Bd2 Nc7 14. Bc3 Nb6 15.
Bxg7 Kxg7 16. b3 Nxb5 17. Bxb5 h6 18. Rac1 a5 19. Nd2 Kh7 20. Nc4 Nxc4 21. bxc4
Ba6 22. a4 Bxb5 23. cxb5 Qb6 24. e5 Rae8 25. Re3 f6 26. exf6 exf6 27. Re6 Rxe6
28. dxe6 Re8 29. Qc4 d5 30. Qxd5 Qxe6 31. Qxe6 Rxe6 32. Rxc5 g5 33. Rc7+ Kg6
34. Ra7 1-0

[Event "16. Open de Figueres Miquel Mas 2015"]
[Site "Figueres ESP"]
[Date "2015.08.13"]
[Round "3.8"]
[White "Pulvett Marin, Daniel"]
[Black "Soto Diaz, Jose Antonio"]
[Result "0-1"]
[WhiteElo "2434"]
[BlackElo "2086"]
[PlyCount "98"]
[EventDate "2015.08.11"]
[EventType "swiss"]
[EventRounds "9"]
[EventCountry "ESP"]
[Source "lmi"]
[SourceDate "2015.08.11"]

1. d4 d5 2. c4 e6 3. Nf3 f5 4. g3 Nf6 5. Bg2 Bd6 6. O-O c6 7. Nc3 O-O 8. Qc2 a6
9. c5 Bc7 10. Bf4 Nbd7 11. Bxc7 Qxc7 12. b4 Ne4 13. e3 e5 14. Ne2 Kh8 15. Qb2
Re8 16. Bh3 exd4 17. exd4 Ndf6 18. Ne5 Ng4 19. Nd3 Ng5 20. Bg2 Bd7 21. h3 Nf6
22. Ne5 Re7 23. Nf4 Kg8 24. a4 Nf7 25. Nxf7 Kxf7 26. b5 axb5 27. axb5 Rae8 28.
b6 Qd8 29. Ra7 Bc8 30. Ra8 g6 31. Nd3 Re2 32. Qc1 Nd7 33. Bf3 R2e6 34. Qf4 Qf6
35. h4 R6e7 36. Rd1 Kg7 37. Nb4 Nf8 38. Bg2 Be6 39. Qd2 Rxa8 40. Re1 Rae8 41.
Ra1 f4 42. Qxf4 Qxf4 43. gxf4 Bf5 44. Ra7 Ne6 45. Nxd5 cxd5 46. Bxd5 Nxd4 47.
Bxb7 Bd7 48. Bg2 Bc6 49. b7 Rb8 0-1

[Event "16. Open de Figueres Miquel Mas 2015"]
[Site "Figueres ESP"]
[Date "2015.08.13"]
[Round "3.9"]
[White "Benet Morant, Damia"]
[Black "Di Nicolantonio, Lucas"]
[Result "0-1"]
[WhiteElo "2067"]
[BlackElo "2414"]
[PlyCount "64"]
[EventDate "2015.08.11"]
[EventType "swiss"]
[EventRounds "9"]
[EventCountry "ESP"]
[Source "lmi"]
[SourceDate "2015.08.11"]

1. d4 g6 2. c4 Bg7 3. Nf3 d6 4. g3 c5 5. d5 Nf6 6. Bg2 O-O 7. Nc3 e6 8. O-O
exd5 9. cxd5 Re8 10. h3 Nbd7 11. a4 a6 12. Nd2 Rb8 13. Nc4 Ne5 14. Na3 Bd7 15.
f4 Nh5 16. fxe5 Bxe5 17. Nc4 Bxg3 18. Qd3 b5 19. axb5 axb5 20. Na5 Ra8 21. Ne4
Be5 22. Nb7 Qb6 23. Rxa8 Rxa8 24. Qf3 f5 25. Nbxc5 dxc5 26. Be3 Bd4 27. Bxd4
cxd4 28. d6 Re8 29. Qb3+ Be6 30. d7 Rd8 31. Qa3 b4 32. Qa4 fxe4 0-1

[Event "16. Open de Figueres Miquel Mas 2015"]
[Site "Figueres ESP"]
[Date "2015.08.13"]
[Round "3.10"]
[White "Gonzalez Rodriguez, Jorge A"]
[Black "Ventura Bolet, Alexandre"]
[Result "1-0"]
[WhiteElo "2369"]
[BlackElo "2075"]
[PlyCount "67"]
[EventDate "2015.08.11"]
[EventType "swiss"]
[EventRounds "9"]
[EventCountry "ESP"]
[Source "lmi"]
[SourceDate "2015.08.11"]

1. b3 d6 2. Bb2 e5 3. e3 Nf6 4. c4 Nbd7 5. Qc2 g6 6. Nf3 Bg7 7. Nc3 O-O 8. d4
c6 9. Be2 Re8 10. O-O a6 11. Rfd1 e4 12. Nd2 d5 13. a4 Nf8 14. Ba3 Bf5 15. a5
Ne6 16. cxd5 cxd5 17. Bb4 h5 18. Qb2 Bh6 19. Nf1 Ng4 20. h3 Qh4 21. hxg4 hxg4
22. Bd6 Bf4 23. exf4 Kg7 24. Nxd5 f6 25. Ng3 Rh8 26. Bc4 e3 27. Nxe3 Be4 28.
Bxe6 Qh2+ 29. Kf1 Bf3 30. gxf3 gxf3 31. Ke1 Qg1+ 32. Ngf1 Rae8 33. d5 Rh1 34.
Rac1 1-0

[Event "16. Open de Figueres Miquel Mas 2015"]
[Site "Figueres ESP"]
[Date "2015.08.14"]
[Round "4.1"]
[White "Huerga Leache, Mikel"]
[Black "Munoz Pantoja, Miguel"]
[Result "0-1"]
[WhiteElo "2436"]
[BlackElo "2434"]
[PlyCount "114"]
[EventDate "2015.08.11"]
[EventType "swiss"]
[EventRounds "9"]
[EventCountry "ESP"]
[Source "lmi"]
[SourceDate "2015.08.11"]

1. d4 c5 2. d5 Nf6 3. Nc3 e5 4. e4 d6 5. Bb5+ Nbd7 6. a4 Be7 7. Nf3 O-O 8. O-O
Ne8 9. Nd2 g6 10. Nc4 Bg5 11. a5 f5 12. a6 Bxc1 13. axb7 Bxb7 14. Qxc1 Ndf6 15.
Bxe8 Nxe8 16. f4 exf4 17. Qxf4 g5 18. Qd2 f4 19. Na5 Ba6 20. Nc6 Qb6 21. Rfe1
Nf6 22. e5 c4+ 23. Qd4 dxe5 24. Rxe5 h6 25. Re6 Qxd4+ 26. Nxd4 Bb7 27. d6 a6
28. Ra4 Rae8 29. Rb4 Bc8 30. Rxe8 Rxe8 31. Nc6 Bd7 32. Ne7+ Kf7 33. Ncd5 Nxd5
34. Nxd5 Re2 35. Rb7 Ke6 36. Nb6 Rxg2+ 37. Kf1 Bc6 38. d7 Rd2 39. Ra7 Bxd7 40.
Rxa6 Rd6 41. Nxd7 Kxd7 42. Ra4 Rd2 43. Rxc4 Rxh2 44. b4 f3 45. b5 h5 46. b6 g4
47. Rc3 Rh1+ 48. Kf2 Rb1 49. Rc5 h4 50. Rh5 h3 51. Rh6 Rb2 52. Kg3 Rxc2 53.
Kxg4 f2 54. b7 Kc7 55. Rb6 Kb8 56. Rb1 Re2 57. Rf1 h2 0-1

[Event "16. Open de Figueres Miquel Mas 2015"]
[Site "Figueres ESP"]
[Date "2015.08.14"]
[Round "4.2"]
[White "Valles, Manuel"]
[Black "Bachmann, Axel"]
[Result "1/2-1/2"]
[WhiteElo "2386"]
[BlackElo "2623"]
[PlyCount "66"]
[EventDate "2015.08.11"]
[EventType "swiss"]
[EventRounds "9"]
[EventCountry "ESP"]
[Source "lmi"]
[SourceDate "2015.08.11"]

1. d4 Nf6 2. c4 e6 3. Nc3 Bb4 4. e3 c5 5. Bd3 Nc6 6. Nge2 d6 7. O-O O-O 8. a3
Ba5 9. Rb1 h6 10. Bc2 a6 11. Qd3 Rb8 12. f4 b5 13. dxc5 dxc5 14. Ne4 Qxd3 15.
Nxf6+ gxf6 16. Bxd3 Rd8 17. Be4 Bb7 18. cxb5 Nd4 19. Bxb7 Nxe2+ 20. Kf2 Nxc1
21. bxa6 Nb3 22. Rfd1 Bb6 23. Ke2 Kf8 24. Bc6 Ba7 25. Ba4 c4 26. Bxb3 cxb3 27.
Rxd8+ Rxd8 28. Rc1 Rd6 29. Rc8+ Ke7 30. Rc7+ Rd7 31. Rc3 Rd6 32. Rc7+ Rd7 33.
Rc3 Rd6 1/2-1/2

[Event "16. Open de Figueres Miquel Mas 2015"]
[Site "Figueres ESP"]
[Date "2015.08.14"]
[Round "4.3"]
[White "Fernandez, Maria Florencia"]
[Black "Aroshidze, Levan"]
[Result "1/2-1/2"]
[WhiteElo "2222"]
[BlackElo "2535"]
[PlyCount "181"]
[EventDate "2015.08.11"]
[EventType "swiss"]
[EventRounds "9"]
[EventCountry "ESP"]
[Source "lmi"]
[SourceDate "2015.08.11"]

1. d4 Nf6 2. c4 e6 3. Nc3 Bb4 4. Bd2 O-O 5. Nf3 b6 6. e3 Bb7 7. Bd3 d6 8. O-O
Nbd7 9. Qc2 c5 10. dxc5 Nxc5 11. a3 Bxc3 12. Bxc3 Nfe4 13. Rfd1 f5 14. Be2 Ng5
15. b4 Nce4 16. Bb2 Qe7 17. Qd3 Rad8 18. Nxg5 Nxg5 19. f3 e5 20. Qb3 Kh8 21. a4
Rf6 22. c5 Rg6 23. Kh1 bxc5 24. bxc5 d5 25. Ba3 Qf7 26. Rab1 Bc6 27. Bb5 Rh6
28. Bxc6 Qh5 29. Kg1 Qxh2+ 30. Kf1 Nxf3 31. Rxd5 Qg1+ 32. Ke2 Qxg2+ 33. Kd3
Qd2+ 34. Kc4 Rxc6 35. Rxd2 Nxd2+ 36. Kb5 Nxb3 37. Kxc6 Na5+ 38. Kc7 Rg8 39. Rc1
g5 40. Bb2 Kg7 41. Bxe5+ Kf7 42. Kd7 Re8 43. Bd4 Re7+ 44. Kd8 Nc6+ 45. Kc8 f4
46. exf4 Nxd4 47. fxg5 Ne6 48. c6 Rc7+ 49. Kb8 Ke7 50. Rh1 Kd6 51. Rh6 Rxc6 52.
Rxh7 a5 53. g6 Rc4 54. g7 Rg4 55. Ka7 Nxg7 56. Ka6 Rg5 57. Rh6+ Ne6 58. Rf6 Ke7
59. Rh6 Kd7 60. Rh7+ Kc6 61. Rh6 Re5 62. Rg6 Kd7 63. Kb6 Nd8 64. Rg7+ Kd6 65.
Rg8 Ke7 66. Rg7+ Nf7 67. Rh7 Kf6 68. Rh1 Ke6 69. Rc1 Nd6 70. Rc6 Kd7 71. Rc7+
Kd8 72. Rc6 Nc8+ 73. Ka6 Kd7 74. Rc2 Ne7 75. Kb6 Nd5+ 76. Kb7 Re4 77. Rc5 Rb4+
78. Ka7 Nc7 79. Rf5 Kc6 80. Rc5+ Kd6 81. Rc6+ Kd5 82. Rxc7 Rc4 83. Rh7 Kc5 84.
Ka6 Kb4 85. Rh5 Rc6+ 86. Kb7 Rc5 87. Rh4+ Rc4 88. Rxc4+ Kxc4 89. Kc6 Kb4 90.
Kd5 Kxa4 91. Kc4 1/2-1/2

[Event "16. Open de Figueres Miquel Mas 2015"]
[Site "Figueres ESP"]
[Date "2015.08.14"]
[Round "4.4"]
[White "Serra Pages, Jordi"]
[Black "Mellado Trivino, Juan"]
[Result "0-1"]
[WhiteElo "2235"]
[BlackElo "2442"]
[PlyCount "88"]
[EventDate "2015.08.11"]
[EventType "swiss"]
[EventRounds "9"]
[EventCountry "ESP"]
[Source "lmi"]
[SourceDate "2015.08.11"]

1. d4 g6 2. e4 Bg7 3. c4 Nc6 4. Be3 e5 5. d5 Nd4 6. Ne2 c5 7. Nxd4 exd4 8. Bd2
d6 9. Bd3 Nf6 10. Bg5 h6 11. Bh4 g5 12. Bg3 Ng4 13. Nd2 h5 14. h3 h4 15. hxg4
hxg3 16. Rxh8+ Bxh8 17. fxg3 Be5 18. Qf3 Qa5 19. O-O-O Bd7 20. a3 f6 21. Rh1
O-O-O 22. Rh6 Re8 23. Qf2 Qd8 24. Nf3 Rh8 25. Rxh8 Qxh8 26. Nxe5 fxe5 27. Be2
Qh1+ 28. Qf1 Qxf1+ 29. Bxf1 Bxg4 30. Kd2 Kc7 31. Bd3 Kb6 32. Bc2 Ka5 33. b3 a6
34. Bd3 Bd7 35. Bc2 b5 36. Bd3 bxc4 37. Bxc4 Bb5 38. Kd3 Kb6 39. a4 Bxc4+ 40.
Kxc4 Ka5 41. g4 d3 42. Kc3 d2 43. Kxd2 Kb4 44. Kc2 c4 0-1

[Event "16. Open de Figueres Miquel Mas 2015"]
[Site "Figueres ESP"]
[Date "2015.08.14"]
[Round "4.5"]
[White "Sabria Batlle, Pol"]
[Black "Campos Moreno, Javier B"]
[Result "0-1"]
[WhiteElo "2251"]
[BlackElo "2422"]
[PlyCount "136"]
[EventDate "2015.08.11"]
[EventType "swiss"]
[EventRounds "9"]
[EventCountry "ESP"]
[Source "lmi"]
[SourceDate "2015.08.11"]

1. d4 d5 2. c4 e6 3. Nc3 c5 4. e3 Nf6 5. Nf3 Nc6 6. a3 cxd4 7. exd4 Be7 8. Bd3
dxc4 9. Bxc4 O-O 10. O-O a6 11. Ba2 b5 12. d5 exd5 13. Nxd5 Nxd5 14. Qxd5 Qxd5
15. Bxd5 Bb7 16. Bg5 Bxg5 17. Nxg5 Na5 18. Bxb7 Nxb7 19. Rac1 Nd6 20. b3 h6 21.
Nf3 Rfc8 22. Rfe1 Kf8 23. Nd4 Ra7 24. Rxc8+ Nxc8 25. Rc1 Ne7 26. Rd1 g6 27. Ne2
Rc7 28. Rd2 Nc6 29. f3 Na5 30. Rd6 Nxb3 31. Rxa6 Rc2 32. Kf1 Nd2+ 33. Kf2 Nb1
34. Ke3 Ra2 35. Kd3 Rxa3+ 36. Rxa3 Nxa3 37. Kc3 Nc4 38. Kb4 Ne3 39. g3 Nf1 40.
h3 Nd2 41. f4 Ke7 42. Kc5 Ke6 43. Nd4+ Kf6 44. Kxb5 Ne4 45. Ne2 Nf2 46. Kc4
Nxh3 47. g4 Nf2 48. Kd4 Nxg4 49. Ke4 Nh2 50. Nd4 h5 51. Ke3 Ke7 52. Ke4 Kd6 53.
Nc2 Ng4 54. Nd4 Nf6+ 55. Kf3 Kd5 56. Ne2 Kc4 57. Ng1 Kd3 58. Nh3 Ne4 59. Ng1
Nd2+ 60. Kg3 Ke3 61. Nh3 Ne4+ 62. Kh4 f6 63. f5 gxf5 64. Kxh5 f4 65. Kg6 f3 66.
Kf5 Kd3 67. Nf4+ Kd4 68. Nh3 Ke3 0-1

[Event "16. Open de Figueres Miquel Mas 2015"]
[Site "Figueres ESP"]
[Date "2015.08.14"]
[Round "4.6"]
[White "Stella, Andrea"]
[Black "Colls Gelaberto, Emili"]
[Result "1-0"]
[WhiteElo "2423"]
[BlackElo "2106"]
[PlyCount "111"]
[EventDate "2015.08.11"]
[EventType "swiss"]
[EventRounds "9"]
[EventCountry "ESP"]
[Source "lmi"]
[SourceDate "2015.08.11"]

1. Nf3 Nf6 2. c4 c5 3. Nc3 g6 4. g3 b6 5. Bg2 Bb7 6. O-O Bg7 7. d4 cxd4 8. Qxd4
O-O 9. Qh4 d6 10. Bh6 Qc8 11. Nd5 Bxd5 12. Bxg7 Kxg7 13. cxd5 Qg4 14. Qxg4 Nxg4
15. Rac1 Na6 16. a3 Rfc8 17. Nd4 f5 18. b4 Kf6 19. Rfd1 Kf7 20. e4 Kf6 21. exf5
gxf5 22. Ne6 Rxc1 23. Rxc1 Rg8 24. Bf1 Nb8 25. Rc7 a6 26. a4 Ne5 27. Be2 Ned7
28. f4 Rh8 29. Bd3 h6 30. Nd4 a5 31. Bb5 Nf8 32. bxa5 bxa5 33. Nb3 e6 34. Rc8
Ng6 35. Rxh8 Nxh8 36. Nxa5 exd5 37. Nb3 Ng6 38. a5 Ne7 39. Nd4 Nc8 40. Bd3 Ne7
41. a6 Nbc6 42. Nxc6 Nxc6 43. Bb5 Na7 44. Bd7 d4 45. Kf2 d5 46. Ke2 Ke7 47.
Bxf5 Kd6 48. g4 Nc6 49. g5 hxg5 50. fxg5 Ke5 51. Bd7 Na7 52. h4 Kd6 53. Ba4 Nc8
54. h5 Kc7 55. h6 Ne7 56. h7 1-0

[Event "16. Open de Figueres Miquel Mas 2015"]
[Site "Figueres ESP"]
[Date "2015.08.14"]
[Round "4.7"]
[White "Di Nicolantonio, Lucas"]
[Black "Maupin, Valerie"]
[Result "1-0"]
[WhiteElo "2414"]
[BlackElo "1982"]
[PlyCount "53"]
[EventDate "2015.08.11"]
[EventType "swiss"]
[EventRounds "9"]
[EventCountry "ESP"]
[Source "lmi"]
[SourceDate "2015.08.11"]

1. d4 d5 2. c4 e6 3. Nf3 Nf6 4. Nc3 c6 5. e3 Nbd7 6. Bd3 dxc4 7. Bxc4 b5 8. Bd3
a6 9. e4 c5 10. d5 Nb6 11. Bg5 b4 12. Na4 exd5 13. Nxb6 Qxb6 14. exd5 h6 15.
Bh4 Be7 16. O-O O-O 17. Re1 Bd8 18. Ne5 Nd7 19. Nc4 Qa7 20. Bxd8 Rxd8 21. Re7
Qb8 22. Qh5 Rf8 23. d6 Nf6 24. Qxc5 Be6 25. Nb6 Ra7 26. Rxa7 Qxa7 27. Qc7 1-0

[Event "16. Open de Figueres Miquel Mas 2015"]
[Site "Figueres ESP"]
[Date "2015.08.14"]
[Round "4.8"]
[White "Soto Diaz, Jose Antonio"]
[Black "Alarcon Casellas, Rolando"]
[Result "0-1"]
[WhiteElo "2086"]
[BlackElo "2391"]
[PlyCount "94"]
[EventDate "2015.08.11"]
[EventType "swiss"]
[EventRounds "9"]
[EventCountry "ESP"]
[Source "lmi"]
[SourceDate "2015.08.11"]

1. e4 c5 2. Nf3 e6 3. d3 Nf6 4. g3 d5 5. Nbd2 b6 6. Bg2 Bb7 7. Qe2 Be7 8. O-O
Qc7 9. Re1 Nc6 10. c3 h6 11. Nf1 Rd8 12. Bf4 Qc8 13. Ne5 dxe4 14. dxe4 Nxe5 15.
Bxe5 Ba6 16. c4 O-O 17. Rad1 Rxd1 18. Rxd1 Rd8 19. Ne3 Bb7 20. f3 Nd7 21. Bc3
Nb8 22. f4 Nc6 23. Nc2 e5 24. fxe5 Rxd1+ 25. Qxd1 Qe6 26. Ne3 Nxe5 27. b3 Bf8
28. Nd5 f6 29. Qf1 Bc8 30. Nf4 Qe8 31. Qd1 Bb7 32. Qe2 Bd6 33. Bh3 Nf7 34. Bf5
Bxf4 35. gxf4 Nd6 36. Qd3 Bxe4 37. Bxe4 Nxe4 38. f5 Nxc3 39. Qxc3 Qe4 40. Qh3
Qb1+ 41. Kf2 Qxa2+ 42. Ke1 Qc2 43. Qf3 Qxh2 44. Qa8+ Kh7 45. Qxa7 Qg3+ 46. Kd2
Qxb3 47. Qf7 Qb2+ 0-1

[Event "16. Open de Figueres Miquel Mas 2015"]
[Site "Figueres ESP"]
[Date "2015.08.14"]
[Round "4.9"]
[White "Ryan, Martin"]
[Black "Gonzalez Rodriguez, Jorge A"]
[Result "0-1"]
[WhiteElo "2064"]
[BlackElo "2369"]
[PlyCount "130"]
[EventDate "2015.08.11"]
[EventType "swiss"]
[EventRounds "9"]
[EventCountry "ESP"]
[Source "lmi"]
[SourceDate "2015.08.11"]

1. d4 Nf6 2. c4 e6 3. Nc3 Bb4 4. e3 Bxc3+ 5. bxc3 d6 6. Bd3 c5 7. Ne2 e5 8. Ng3
Qe7 9. Qc2 h5 10. O-O h4 11. Nf5 Bxf5 12. Bxf5 g6 13. Bh3 e4 14. f4 Kf8 15. a4
Nc6 16. a5 Qc7 17. Qa4 Kg7 18. d5 Ne7 19. Bd2 Nf5 20. Rfb1 Ng8 21. Rb5 Rb8 22.
Rab1 Nf6 23. a6 b6 24. R5b2 Qe7 25. Bxf5 gxf5 26. h3 Ne8 27. Kh2 Nc7 28. Be1
Qe8 29. Qa2 Kf6 30. Rb3 Ke7 31. Bf2 Qd7 32. Rg1 b5 33. cxb5 Nxd5 34. c4 Nb6 35.
Rb2 Qe6 36. Rc2 Rbc8 37. Rd1 Rh6 38. Be1 Qg6 39. Rcd2 Qg7 40. Rc2 Rg8 41. Rcc1
Qg6 42. Rc2 Qh5 43. Rdd2 Rhg6 44. Re2 Qh6 45. Red2 Qh8 46. Re2 Qf6 47. Rcd2 Rh6
48. Rc2 Qe6 49. Red2 Kf6 50. Bf2 Kg6 51. Be1 Kh5 52. Qb3 Rhg6 53. Rc1 Qf6 54.
Qd1+ Kh6 55. Qb3 Qg7 56. Rcc2 Kh5 57. Qa2 Nc8 58. Re2 Qf6 59. Red2 Qh8 60. Re2
Qg7 61. Red2 Rg3 62. Re2 Rf3 63. Qb2 Qg6 64. Qc1 Rf1 65. Qd2 Qg3+ 0-1

[Event "16. Open de Figueres Miquel Mas 2015"]
[Site "Figueres ESP"]
[Date "2015.08.14"]
[Round "4.10"]
[White "Sole Pijuan, Ferran"]
[Black "Menac Comas, Joan Ramon"]
[Result "1-0"]
[WhiteElo "1867"]
[BlackElo "2115"]
[PlyCount "61"]
[EventDate "2015.08.11"]
[EventType "swiss"]
[EventRounds "9"]
[EventCountry "ESP"]
[Source "lmi"]
[SourceDate "2015.08.11"]

1. d4 g6 2. c4 Bg7 3. Nc3 c5 4. d5 Bxc3+ 5. bxc3 f5 6. h4 Qa5 7. Qc2 Nf6 8. Nf3
d6 9. Bg5 Nbd7 10. e3 Nb6 11. Bxf6 exf6 12. h5 g5 13. Bd3 Bd7 14. Nd2 O-O-O 15.
Bxf5 Na4 16. Bxd7+ Rxd7 17. Rc1 Rf8 18. O-O Re7 19. Qf5+ Kc7 20. Ne4 h6 21.
Nxf6 Nxc3 22. Qc2 Nxa2 23. Ra1 Qc3 24. Qxa2 Rxf6 25. Qxa7 Qxc4 26. Rfd1 Qe2 27.
Qa5+ Kc8 28. Rd2 Qc4 29. Qa8+ Kc7 30. Rb2 Qxd5 31. Rab1 1-0

[Event "16. Open de Figueres Miquel Mas 2015"]
[Site "Figueres ESP"]
[Date "2015.08.15"]
[Round "5.1"]
[White "Munoz Pantoja, Miguel"]
[Black "Campos Moreno, Javier B"]
[Result "1/2-1/2"]
[WhiteElo "2434"]
[BlackElo "2422"]
[PlyCount "22"]
[EventDate "2015.08.11"]
[EventType "swiss"]
[EventRounds "9"]
[EventCountry "ESP"]
[Source "lmi"]
[SourceDate "2015.08.11"]

1. e4 e5 2. Nf3 Nc6 3. Bb5 a6 4. Ba4 Nf6 5. Bxc6 dxc6 6. O-O Nxe4 7. Re1 Nd6 8.
Nxe5 Be7 9. Qe2 Nf5 10. Nf3 O-O 11. Nc3 Re8 1/2-1/2

[Event "16. Open de Figueres Miquel Mas 2015"]
[Site "Figueres ESP"]
[Date "2015.08.15"]
[Round "5.2"]
[White "Mellado Trivino, Juan"]
[Black "Huerga Leache, Mikel"]
[Result "1/2-1/2"]
[WhiteElo "2442"]
[BlackElo "2436"]
[PlyCount "25"]
[EventDate "2015.08.11"]
[EventType "swiss"]
[EventRounds "9"]
[EventCountry "ESP"]
[Source "lmi"]
[SourceDate "2015.08.11"]

1. e4 c5 2. c3 d5 3. exd5 Qxd5 4. d4 Nf6 5. Nf3 e6 6. Na3 Qd8 7. Nc4 Be7 8. Bf4
O-O 9. dxc5 Bxc5 10. Bd6 Bxd6 11. Qxd6 Nbd7 12. Rd1 Nd5 13. Bd3 1/2-1/2

[Event "16. Open de Figueres Miquel Mas 2015"]
[Site "Figueres ESP"]
[Date "2015.08.15"]
[Round "5.3"]
[White "Bachmann, Axel"]
[Black "Fernandez, Maria Florencia"]
[Result "1-0"]
[WhiteElo "2623"]
[BlackElo "2222"]
[PlyCount "67"]
[EventDate "2015.08.11"]
[EventType "swiss"]
[EventRounds "9"]
[EventCountry "ESP"]
[Source "lmi"]
[SourceDate "2015.08.11"]

1. c4 Nf6 2. Nc3 g6 3. g3 Bg7 4. Bg2 O-O 5. e4 e5 6. Nge2 c5 7. d3 Nc6 8. a3 d6
9. Rb1 Nd4 10. h3 Bd7 11. O-O Rb8 12. b4 a6 13. f4 b6 14. fxe5 dxe5 15. Bg5 Ne6
16. Be3 Bc6 17. Nd5 Bxd5 18. exd5 Nd4 19. Nxd4 cxd4 20. Bg5 h6 21. Bd2 b5 22.
g4 e4 23. g5 Nh5 24. gxh6 Be5 25. Bxe4 Qh4 26. Qg4 Qg3+ 27. Qxg3 Nxg3 28. Rfe1
bxc4 29. dxc4 f5 30. Bd3 Rbe8 31. Kg2 f4 32. Bxg6 f3+ 33. Kf2 Re7 34. Bg5 1-0

[Event "16. Open de Figueres Miquel Mas 2015"]
[Site "Figueres ESP"]
[Date "2015.08.15"]
[Round "5.4"]
[White "Aroshidze, Levan"]
[Black "Sole Pijuan, Ferran"]
[Result "1-0"]
[WhiteElo "2535"]
[BlackElo "1867"]
[PlyCount "87"]
[EventDate "2015.08.11"]
[EventType "swiss"]
[EventRounds "9"]
[EventCountry "ESP"]
[Source "lmi"]
[SourceDate "2015.08.11"]

1. e4 e5 2. Nf3 Nc6 3. Bb5 a6 4. Ba4 Nf6 5. O-O Be7 6. Re1 b5 7. Bb3 d6 8. c3
O-O 9. h3 Nb8 10. d4 Nbd7 11. Nbd2 Bb7 12. Bc2 Re8 13. Nf1 Bf8 14. Ng3 g6 15.
a4 c5 16. d5 c4 17. Bg5 h6 18. Be3 Qc7 19. Qd2 Kh7 20. Nh2 Bg7 21. Ng4 Ng8 22.
Rf1 Ndf6 23. Nh2 Nd7 24. Ng4 Ndf6 25. Ra3 Qc8 26. Nh2 Nd7 27. f4 exf4 28. Bxf4
Qc7 29. Nf3 Ngf6 30. Nd4 Nc5 31. Re1 Qd7 32. axb5 axb5 33. Rxa8 Bxa8 34. Ndf5
gxf5 35. Nxf5 Nb3 36. Qf2 Bf8 37. Qh4 Ng8 38. e5 Kh8 39. Bxh6 Bxh6 40. Nxh6
Qa7+ 41. Kh1 Nxh6 42. Qxh6+ Kg8 43. Bh7+ Kh8 44. Bf5+ 1-0

[Event "16. Open de Figueres Miquel Mas 2015"]
[Site "Figueres ESP"]
[Date "2015.08.15"]
[Round "5.5"]
[White "Alarcon Casellas, Rolando"]
[Black "Stella, Andrea"]
[Result "1/2-1/2"]
[WhiteElo "2391"]
[BlackElo "2423"]
[PlyCount "71"]
[EventDate "2015.08.11"]
[EventType "swiss"]
[EventRounds "9"]
[EventCountry "ESP"]
[Source "lmi"]
[SourceDate "2015.08.11"]

1. d4 e6 2. e4 d5 3. Nd2 c5 4. exd5 exd5 5. Ngf3 Nf6 6. Bb5+ Bd7 7. Bxd7+ Nbxd7
8. O-O Be7 9. dxc5 Nxc5 10. Nb3 Nce4 11. Be3 O-O 12. h3 Re8 13. c3 Nd6 14. Bd4
Nc4 15. Bxf6 Bxf6 16. Rb1 Qd7 17. Qc2 Qa4 18. a3 Re6 19. Nbd4 Qxc2 20. Nxc2 Re2
21. Rfc1 Rae8 22. Kf1 Kf8 23. Ne3 Rxb2 24. Rxb2 Nxb2 25. Nxd5 Be7 26. Rb1 Bxa3
27. Ne3 Nd3 28. Rxb7 Bc5 29. Nd4 a5 30. Rb5 Ra8 31. g3 a4 32. Ke2 Nc1+ 33. Kd2
Bxd4 34. cxd4 Nb3+ 35. Kd3 Nc1+ 36. Ke4 1/2-1/2

[Event "16. Open de Figueres Miquel Mas 2015"]
[Site "Figueres ESP"]
[Date "2015.08.15"]
[Round "5.6"]
[White "Gonzalez Rodriguez, Jorge A"]
[Black "Di Nicolantonio, Lucas"]
[Result "0-1"]
[WhiteElo "2369"]
[BlackElo "2414"]
[PlyCount "32"]
[EventDate "2015.08.11"]
[EventType "swiss"]
[EventRounds "9"]
[EventCountry "ESP"]
[Source "lmi"]
[SourceDate "2015.08.11"]

1. b3 Nf6 2. Bb2 d5 3. Bxf6 gxf6 4. d4 c5 5. e3 Nc6 6. Nf3 e5 7. dxc5 Bxc5 8.
c3 Be6 9. g3 d4 10. b4 Bb6 11. exd4 exd4 12. b5 Ne5 13. Nxe5 fxe5 14. Bg2 dxc3
15. Bxb7 Bxf2+ 16. Ke2 Bg4+ 0-1